000 00436nam a2200181Ia 4500
001 19821
005 20260306172721.0
008 260306t2014||||xx |||||||||||||| ||spa||
041 _aESP
082 _a341.104
_bD75
100 _aDíez-Picazo, Luis
_eAUT
245 0 _aLa seguridad jurídica y otros ensayos
260 _c2014
300 _a160 páginas :
_c18 cm.
650 _aGEN
654 _aCDE
942 _cLIB
_dJUS
_fJUS
_2ddc
_n
999 _c19821
_d19821